000 00779nam a22002417a 4500
001 BR8702297
003 BR-BrBNA
005 20230928092450.0
007 ta
008 230509b bl.||||| |||| 00| 0 por d
040 _aBR-BrBNA
_bpor
_cBiblioteca Nacional de Agricultura
041 _a(Por)
072 _aF01
_b2790
_b/G514
090 _ 2790 BR8702297
110 1 _aAssociacao de Credito e Assistencia Rural de Santa Catarina, Sao Miguel d'Oeste (Brasil). Escritorio Regional de Sao Miguel d'Oeste
_9453
245 1 _aConfrei [Brasil]
260 3 _aSao Miguel d'Oeste, SC (Brasil):
_c[nd].
300 _a8 p.
500 _a(*) Documento disponível no(a) CEAGRI, Florianopolis, SC (Brazil)
650 _aCOMFREY
909 _a202309
_bLucia
_c55
_dLucia Elande
942 _cBK
999 _c39222
_d39222